000 00528nam a22001937a 4500
005 20251108172333.0
008 250721s1989 xx 000 0 ara d
082 1 4 _a901/راك
100 1 _aراكيتوف، اناتولي
245 1 0 _aالمعرفة التاريخية /
264 1 _aدمشق :
_bدار دمشق،
_c1989.
300 _a286ص
650 1 7 _aالتاريخ
650 1 7 _aالفلسفة
650 1 7 _aالنظريات
700 1 _aعبود، حنا
_eترجمة
942 _2ddc
_cBK
999 _c76553
_d76553